logo

Bir Sreshtho Munshi Abdur Rouf Library
Jhenaidah Cadet College

General Mathematics: (Record no. 6636)

MARC details
000 -LEADER
fixed length control field 00681nam a2200253 a 4500
001 - CONTROL NUMBER
JCCL Control Number 6636
003 - CONTROL NUMBER IDENTIFIER
JCCL marc code BD-JhCC
005 - DATE AND TIME OF LATEST TRANSACTION
control field 20180217104341.0
008 - FIXED-LENGTH DATA ELEMENTS--GENERAL INFORMATION
fixed length control field 180127s1964 pk |||| |||| 000 0 eng d
035 ## - SYSTEM CONTROL NUMBER
system control number (BD-JhCC)
040 ## - CATALOGING SOURCE
Original cataloging agency BD-JhCC
Modifying agency BD-JhCC
041 ## - LANGUAGE CODE
Language code of Book eng
082 ## - DEWEY DECIMAL CLASSIFICATION NUMBER
Classification number 510
Author mark and Year ALI 1964
100 ## - MAIN ENTRY--PERSONAL NAME
Personal name Ali, Hohibbe
245 ## - TITLE STATEMENT
Title General Mathematics:
Statement of responsibility, etc Mohibbe Ali and Ronald D'Souza
Remainder of title Arithmetic, Algebra, & Geometry for Class VIII /
260 ## - PUBLICATION, DISTRIBUTION, ETC. (IMPRINT)
Place of publication, distribution, etc Pakistan:
Name of publisher, distributor, etc Sir Syed Book Company;
Date of publication, distribution, etc 1964
300 ## - PHYSICAL DESCRIPTION
Pagination 299 p;,
Dimensions 18 cm
650 ## - SUBJECT ADDED ENTRY--TOPICAL TERM
Topical term or geographic name as entry element Mathematics
650 ## - SUBJECT ADDED ENTRY--TOPICAL TERM
Topical term or geographic name as entry element Arithmetic
650 ## - SUBJECT ADDED ENTRY--TOPICAL TERM
Topical term or geographic name as entry element Algebra
650 ## - SUBJECT ADDED ENTRY--TOPICAL TERM
Topical term or geographic name as entry element Geometry
700 ## - ADDED ENTRY--PERSONAL NAME
Personal name D'Souza, Ronald
942 ## - ADDED ENTRY ELEMENTS (KOHA)
Source of classification or shelving scheme Dewey Decimal Classification
Koha item type Books
Holdings
Source of classification or shelving scheme Damaged status Not for loan Home library Current library Shelving location Date of accession Cost, normal purchase price Total Checkouts Full call number Barcode Date last seen Copy number Koha item type
Dewey Decimal Classification     JCC Rouf Library JCC Rouf Library General Stacks 01/27/2018 4.00   510 ALI 1964 9060 01/27/2018 C-1 Books

JCC Library | Contacts | JCC Home

Last Update on 23 September 2017
Copyright @ 2017-2020 JCC Rouf Library
Rouf Library, Jhenidah Cadet College (JCC), Bangladesh